000 00487pab a2200193 454500
008 180718b2012 xxu||||| |||| 00| 0 eng d
100 _aNarayana A.
245 _aLokpal Bill: Lessons from the Karnataka Lokayukta's performance
260 _c2012
300 _a12-16.
362 _a7 Jan
650 _aLokpal bill
650 _aCorruption
700 _aVikas Kumar
700 _aKrishnaswamy, Sudhir
773 _aEconomic and Political Weekly
908 _aN
909 _a95598
999 _c95598
_d95598